Datum a čas kvízu
23
Celkem bodů
Celkový počet nahraných bodů na tomto kvízu bez doplňovacích otázek.
5.
Pořadí na kvízu
Konečné umístění týmu na tomto kvízu.
Zaznamenané odpovědi
| # | Otázka | Odpověď | Body | Výsledky |
|---|---|---|---|---|
| 1. | Lele Ceterové, partnerce bojov... | Rocky | 1 | |
| 2. | V úterý se jeden karibský stát... | Barbados | 0 | |
| 3. | Ve středu byly po půl roce ods... | motiv ptáků | 0 | |
| 4. | Životní úroveň v Česku se loni... | Lucembursko | 1 | |
| 5. | Brankář týmu Arizona Coyotes s... | Karel Vejmelka | 0 | |
| 6. | Po slavných psech a koních při... | 1963 (Uznáváme 1960–66.) | 0 | |
| 7. | Kocoura na obrázku můžeme znát... | Sylvester | 1 | |
| 8. | Kočku na obrázku nejspíš někdy... | C. Tardar Sauce | 0 | |
| 9. | Neopomeneme ani slavné literár... | Šklíba | 0 | |
| 10. | Téma slavných koček zakončíme... | Bastet (též Baset, Baast, Ubaste) | 0 |